El gran Prado (Record no. 12182)

MARC details
000 -LEADER
campo de control de longitud fija 01065nam a22002775i 4500
001 - NÚMERO DE CONTROL
campo de control 12182
003 - IDENTIFICADOR DE NÚMERO DE CONTROL
campo de control ES-MaACL
005 - FECHA Y HORA DE LA ÚLTIMA TRANSACCIÓN
campo de control 20250302202839.0
007 - CAMPO FIJO DE DESCRIPCIÓN FÍSICA--INFORMACIÓN GENERAL
campo de control de longitud fija t|
008 - DATOS DE LONGITUD FIJA--INFORMACIÓN GENERAL
campo de control de longitud fija 931105s1993 sp ||||0| spa j
020 ## - NÚMERO INTERNACIONAL ESTÁNDAR DEL LIBRO
Número Internacional Estándar del Libro 84-88306-08-3
040 ## - FUENTE DE CATALOGACIÓN
Centro catalogador/agencia de origen M-BN
Lengua de catalogación spa
Centro/agencia transcriptor M-BN
080 ## - NÚMERO DE LA CLASIFICACIÓN DECIMAL UNIVERSAL
Número de la Clasificación Decimal Universal 727.7.011(460.27 M.):75
080 ## - NÚMERO DE LA CLASIFICACIÓN DECIMAL UNIVERSAL
Número de la Clasificación Decimal Universal 75:727.7.011(460.27 M.)
100 1# - ENTRADA PRINCIPAL--NOMBRE DE PERSONA
Nombre de persona Rodríguez Orgaz, A.
9 (RLIN) 98709
245 13 - MENCIÓN DEL TÍTULO
Título El gran Prado
Resto del título : ampliación subterránea y enlace con el Casón /
Mención de responsabilidad, etc. por el arquitecto A. Rodríguez Orgaz ; introducción por Federico Mayor Zaragoza.
260 ## - PUBLICACIÓN, DISTRIBUCIÓN, ETC.
Lugar de publicación, distribución, etc. [Madrid] :
Nombre del editor, distribuidor, etc. Fundación Cánovas del Castillo,
Fecha de publicación, distribución, etc. D.L. 1993.
300 ## - DESCRIPCIÓN FÍSICA
Extensión 107 p., [20] h. pleg. de plan., [13] h. de lám. col. y n :
Otras características físicas il., plan ;
Dimensiones 30 cm.
500 ## - NOTA GENERAL
Nota general Textos en español y en inglés.
610 2# - PUNTO DE ACCESO ADICIONAL DE MATERIA--NOMBRE DE ENTIDAD CORPORATIVA
Nombre de entidad corporativa o nombre de jurisdicción como elemento de entrada Museo Nacional del Prado-
Subdivisión de forma Proyectos.
9 (RLIN) 5868
700 1# - ENTRADA AGREGADA--NOMBRE PERSONAL
Nombre de persona Mayor Zaragoza, Federico,
Fechas asociadas al nombre 1934-2024
9 (RLIN) 79415
710 2# - ENTRADA AGREGADA--NOMBRE DE ENTIDAD CORPORATIVA
Nombre de entidad corporativa o nombre de jurisdicción como elemento de entrada Fundación Cánovas del Castillo.
9 (RLIN) 4244
852 ## - LOCALIZACIÓN
Ubicación ES-MaACL
Número de control de estantería L-19407
Sublocalización o colección R.121597
Holdings
Estatus retirado Estado de pérdida Estado de daño No para préstamo Biblioteca de origen Biblioteca actual Ubicación en estantería Fecha de adquisición Fuente de adquisición Total de préstamos Signatura topográfica completa Código de barras Visto por última vez Precio de reemplazo Tipo de ítem Koha
        Biblioteca del Ateneo de Madrid Biblioteca del Ateneo de Madrid Depósito 2 17/01/2008     L-19407 1012411 23/02/2023 23/02/2023 Libro impreso